Dominant Cities Quiz Stats

 Plays Quiz Updated Jul 9, 2019

Support Sporcle.
Go Orange.
Score 0/13 Timer 03:00
0 Plays Today
Percentage City % Correct
43%New York
94.9%
21%Chicago
77.1%
16%Portland
67.2%
23%Phoenix
58%
21%Las Vegas
54.2%
16%Oklahoma City
52.7%
24%Honolulu
44.3%
40%Anchorage
41.6%
17%Providence
40.4%
16%Fargo
32.4%
24%Omaha
29.1%
27%Albuquerque
27.7%
21%Sioux Falls
11.7%

You're not logged in!

Compare scores with friends on all Sporcle quizzes.
OR
Log In

From the Vault

NBA Award and Title in Same Year

by MechaSnoopy

Because one trophy per year just isn't enough.
Remove Ads.
Support Sporcle.
Get the best of Sporcle when you Go Orange. This ad-free experience offers more features, more stats, and more fun while also helping to support Sporcle. Thank you for becoming a member.

Show Comments

Extras

Top Quizzes Today


Score Distribution

Your Account Isn't Verified!

In order to create a playlist on Sporcle, you need to verify the email address you used during registration. Go to your Sporcle Settings to finish the process.

Report this User

Report this user for behavior that violates our Community Guidelines.

Details: